01019nam a22002297a 450000500170000000800410001701000150005802000260007302000230009903500130012203700130013504000080014808200140015624501070017026000400027727000420031730000200035950000510037950503070043065000260073770000260076320121120160558.0121120t xxu||||| |||| 00| 0 eng d aENG-106176 a9781259061059c575.00 a1259061051c575.00 aEN-89709 bDBAD/PUB aDLC00a658.322300aHR from the outside in :bthe next era of human resources transformation /cby Dave Ulrich ... [et al] aNew DelhibTata McGraw-Hillcc2012. a7 West Patel NagarbNew Delhie110008 a318p.c25cm(Hb) aIncludes bibliographical references and index.0 aNext generation HR -- Research approach and findings -- Strategic positioner -- Credible activist -- Capability builder -- Change champion -- HR innovator and integrator -- Technology proponent -- Developing yourself as an HR professional -- The effective HR department -- What's so, so what, now what? 0aPersonnel management.1 aUlrich, David,d1953-